| 000 | 00592cam a22002411 4500 | ||
|---|---|---|---|
| 001 | sa 68011717 | ||
| 003 | DLC | ||
| 005 | 20260227112604.0 | ||
| 008 | 890908s1966 ii 000 0 tamo | ||
| 010 | _asa 68011717 | ||
| 035 | _a(OCoLC)20316643 | ||
| 040 |
_aDLC _cWaU _dDLC |
||
| 042 | _apremarc | ||
| 050 | 0 | 0 |
_aPL4754 _b.T58 1966b |
| 100 | 0 | _aTolkāppiyar. | |
| 245 | 1 | 0 | _aTolkāppiyam. |
| 250 | _a[1st ed.] | ||
| 260 | _c1966. | ||
| 300 |
_a4, 544 p. _c22 cm. |
||
| 500 | _aIn Tamil. | ||
| 650 | 0 |
_aTamil language _xGrammar. |
|
| 700 | 0 |
_aP̣ērāciriyar, _dactive 13th century. |
|
| 999 |
_c84076 _d84076 |
||